000 00527nam a2200169 4500
001 137514
003 ES-MaACL
005 20230906195403.0
007 t|
008 070214s1955 sp r ||||1| spa d
100 1 _aSánchez Cantón, Francisco Javier,
_d1891-1971
_9102521
245 1 3 _aLa colección Cambó /
_cFrancisco Javier Sánchez Cantón.
260 _aBarcelona :
_bAlpha,
_c1955.
300 _a141 p. 113 lám. :
_b`retr. aut.` ;
_c24 cm.
852 _aES-MaACL
_jC-10194
_bR.38374
999 _c137514
_d137514